000 01761nam2a22002531 4500
001 RU\NLR\INFOCOMM31\1000126581
005 20250617003930.0
035 _a(NLR Aleph) 002319903
090 _a4378590
_c4378590
100 _a20041013d1958 |||y0rusy50 ca
101 0 _arus
102 _aRU
105 _ay |||||||||
200 1 _aКонструкции мундштуков и режимы кислородной разделительной резки
_fС.Г. Гузов
210 _d1958
_aБ. м.
461 0 _1001RU\NLR\INFOCOMM31\1000126569
_12001#$aРуководящие материалы по газопламенной обработке металлов$fВсесоюз. науч.-исслед. и конструкторский ин-т автогенного машиностроения. ВНИИАтогенмаш. Центр. ин-т науч.-техн. информации и техн.-экон. исследования по хим. и нефт. машиностроению. ЦИНТИХимнефтемаш$vВып.12
_94378482
_cМ.
_d1952-1970
_fВсесоюз. науч.-исслед. и конструкторский ин-т автогенного машиностроения. ВНИИАтогенмаш. Центр. ин-т науч.-техн. информации и техн.-экон. исследования по хим. и нефт. машиностроению. ЦИНТИХимнефтемаш
_tРуководящие материалы по газопламенной обработке металлов
_vВып.12
700 1 _aГузов
_bС.Г.
_4070
801 1 _aRU
_bInfoComm
_c20041013
801 0 _aRU
_bNLR
_gPSBO
852 _aNLR
_bТ36
_jГ-5/1059
942 _cISSUE
980 _aNB
980 _aRUSPER